000 00611nam a22001937a 4500
999 _c15191
_d15191
003 AR-CdUCM
008 190426b ||||| |||| 00| 0 spa d
020 _a978-607-400-960-6
040 _aMUNICIPALIDAD PROVINCIAL DEL CUSCO
_cBIBLIOTECA MUNICIPAL DEL CUSCO
082 _aEP / 804 /
_bM12
100 _aMacaulay, David
_934221
245 _aEl atojo /
260 _aMéxico D.F. :
_bOcéano,
_c2016.
300 _a59 páginas ;
_bIlustraciones,
_c26 cm.
650 _aLiteratura infantil
_9588
700 _aSepúlveda Martín, Sandra (traducción)
_934222
942 _2ddc
_cLIBROS
945 _aacv
_d2019-04-26